| 000 | 00589nam a2200181 i 4500 | ||
|---|---|---|---|
| 001 | bgj | ||
| 245 | 0 | 0 |
_aAn encyclopedia of modern American humor / _cedited by Benett Cerf ; drawings by Doug Anderson. |
| 260 |
_aGarden City : _bDoubleday & Company, Inc., _c1954 _aNew York. |
||
| 300 |
_aXVI, 688 pp : _bdrawings ; _c22 cm. |
||
| 650 | 9 | _aAmerican wit and humor | |
| 650 | 9 | _aHumorous stories, American | |
| 700 | 1 |
_aCERF, Bennett _d(1898-1971). _eRed. |
|
| 700 | 1 |
_aANDERSON, Doug. _eill. |
|
| 040 | _cBPK | ||
| 041 | 0 | _aeng | |
| 942 | _cKS | ||
| 008 | s uk f |000 0 eng | ||
| 999 |
_c48623 _d48623 |
||
| 856 |
_uhttp://koha.tu.koszalin.pl/cgi-bin/koha/opac-detail.pl?biblionumber=48623 _yKatalog online BPK |
||